Devinez la langue ! (Hard eddition) - Statistiques

Statistiques générales
  • Ce quiz a été pris 74 fois
    72 depuis la dernière actualisation
  • Le résultat moyen est 4 sur 10
Statistiques - réponses
Par images Réponse % Correct
Grec
82%
Mandarin
78%
Néerlandais
58%
Danois
57%
Turc
40%
Croate
31%
Bengali
27%
Tagalog
18%
Créole
16%
Pendjabi
6%
Aucun quiz correspondant
Distribution des résultats
% des personnes avec chaque résultat
Percentile par nombre de réponses
Votre historique - résultats
Vous n’avez pas pris ce quiz depuis la dernière actualisation